| 000 | 00595pab a2200193 454500 | ||
|---|---|---|---|
| 008 | 180718b2010 xxu||||| |||| 00| 0 eng d | ||
| 100 | _aCharumathi, B. | ||
| 245 | _aCorporate governance standards and practices in Indian information technology (IT) industry - an empirical study | ||
| 260 | _c2010 | ||
| 300 | _ap.61-75. | ||
| 362 | _aApr-Sep | ||
| 650 | _aCorporate governance - India | ||
| 650 | _aInformation technology - India | ||
| 650 | _aFinancial markets - India | ||
| 650 | _aFinancial markets | ||
| 773 | _aJournal of Accounting and Finance | ||
| 908 | _aN | ||
| 909 | _a87716 | ||
| 999 |
_c87716 _d87716 |
||